000 00691nam a2200217Ia 4500
001 14562
003 GE_BSU
008 181216s||||||||xx |||||||||||||| ||und||
040 _cGE_BSU
080 _a665.637
100 _aРусановский,Е.С.
245 _aУстановка селективной очистки масел френолом(Памятка оператору).
245 _cРед. И.А.Захарьянц.
260 _aМ.
260 _bХимия.
260 _c1976.
300 _a96 стр. 17 см.
300 _e5 табл. 17 рис.
653 _aУстановка селективной очистки масел френолом.
942 _cBK
999 _c47693
_d47693